Score 0/7 Timer 01:00
1 Play Today
Question Answer Wrong Answers
Press the button in the fourth position. ???
100%
???
0%
???
0%
???
0%
Press the button labeled '4'. ???
98%
???
0.1%
???
0.1%
???
1.7%
Press the button with the same label as you pressed in stage 1. ???
65.3%
???
2.8%
???
3.2%
???
26.6%
Press the button in the same position as you pressed in stage 2. ???
58.5%
???
1.4%
???
1.9%
???
3.4%
Press the button with the same label as you pressed in stage 3 ???
43%
???
11%
???
2%
???
2.4%
Press the button in the first position. ???
38.7%
???
1.6%
???
0.4%
???
2.2%
Press the button with the same label that was in the first position in stage 1 ???
16%
???
3.6%
???
8%
???
10.9%
Remove Ads.
Support Sporcle.
Get the best of Sporcle when you Go Orange. This ad-free experience offers more features, more stats, and more fun while also helping to support Sporcle. Thank you for becoming a member.

You're not logged in!

Compare scores with friends on all Sporcle quizzes.
OR
Log In

Show Comments

Extras

Top Quizzes Today


Score Distribution

Your Account Isn't Verified!

In order to create a playlist on Sporcle, you need to verify the email address you used during registration. Go to your Sporcle Settings to finish the process.

Report this User

Report this user for behavior that violates our Community Guidelines.

Details: